000 00373nam a22001457a 4500
005 20260323121938.0
008 260323b |||||||| |||| 00| 0 eng d
020 _a9780435670146
100 _aAbbott A. F
245 _aPhysics
_c/A. F. Abbott
250 _a5th ed
260 _aOxford;
_bHeinemann Educational;
_c1989
300 _axxii, 600p.ill;
_c24cm
942 _2ddc
_cBK
_n0
999 _c191
_d191